000
00304nam a22001337a 4500
008
180927b xxu||||| |||| 00| 0 eng d
020
_a
9780697289018
041
_a
eng
080
_2
7 ED
_a
370
100
_a
48
101
_a
EDU
245
_a
News Reporting And Writing
_c
Melvin.M
942
_2
udc
_c
BK
999
_c
48549
_d
48549